Úvod do filozofie neživej prírody. /
Uložené v:
| Hlavný autor: | |
|---|---|
| Médium: | Kniha |
| Jazyk: | Slovak |
| Vydané: |
Trnava :
Dobrá kniha, vydavateľstvo,
1995
|
| Vydanie: | 1. vyd. |
| Témy: | |
| ISBN: |
8071410918 (brož.) |
| Fyzický popis: |
88 s. |
| Tagy: |
Pridať tag
Žiadne tagy, Buďte prvý kto otaguje tento záznam!
|
Titul je dostupný aj v ... 

MARC
| LEADER | 00000nam a2200000 a 4500 | ||
|---|---|---|---|
| 001 | 000040468 | ||
| 003 | SVKK | ||
| 005 | 19961014000000.0 | ||
| 008 | 960708s1995 xo e sloo | ||
| 020 | |a 8071410918 (brož.) | ||
| 040 | |a SVKKK |b slo |c SVKKK |e AACR2 | ||
| 041 | 0 | |a slo | |
| 044 | |a xo |c SK | ||
| 080 | |a 113/119(075.8) |2 1997 | ||
| 100 | 1 | |a Ďurček, Karol |4 aut | |
| 245 | 1 | 0 | |a Úvod do filozofie neživej prírody. / |c Karol Ďurček |
| 250 | |a 1. vyd. | ||
| 260 | |a Trnava : |b Dobrá kniha, vydavateľstvo, |c 1995 | ||
| 300 | |a 88 s. | ||
| 653 | 0 | |a filozofia prírody |2 SVKKKPH | |
| 653 | 0 | |a učebnice VŠ |2 SVKKKPH | |
| 655 | 7 | |a učebnice vysokých škôl |2 SVKKKPH | |
| 910 | |a svkkk | ||
| 919 | |a 80-7141-091-8 | ||
| 974 | |a MI |d 19970909 | ||
| 974 | |a KL |d 19971027 | ||
| 974 | |a UH |d 19971124 | ||
| 998 | |a BK | ||
| 090 | |g SCKHL |k Sklad Pribinova 2. posch. |a III.173293 |j 897691 |i 2720048821 |s Absenčne | ||
| 090 | |g SCKHL |k Sklad Pribinova 2. posch. |a III.177450 |j 909292 |i 2720047665 |s Absenčne | ||
| 090 | |g SCKHL |k Sklad Pribinova prízemie |a IV.173728 |j 901750 |i 2720047122 |s Absenčne | ||
| 090 | |g SCKHL |k Sklad Pribinova prízemie |a IV.173729 |j 901751 |i 2720013477 |s Absenčne | ||